La proletarización del campesino de Guatemala /
Uloženo v:
| Hlavní autor: | |
|---|---|
| Médium: | Text |
| Jazyk: | Spanish |
| Témata: | |
| Tagy: |
Přidat tag
Žádné tagy, Buďte první, kdo vytvoří štítek k tomuto záznamu!
|
MARC
| LEADER | 00000 a a2200000 04500 | ||
|---|---|---|---|
| 001 | 42551 | ||
| 003 | cru CRAI/IIS | ||
| 005 | 20210421130022.0 | ||
| 008 | 210421b ||||| |||| 00| 0 spa d | ||
| 040 | |c cru CRAI/IIS | ||
| 100 | |a Torres Rivas, Edelberto | ||
| 245 | |a La proletarización del campesino de Guatemala / |c Edelberto Torres Rivas | ||
| 500 | |a Colección Centroamérica | ||
| 650 | |a CAMPESINADO | ||
| 650 | |a GUATEMALA | ||
| 650 | |a MODOS DE PRODUCCION | ||
| 650 | |a CAPITAL | ||
| 773 | |g volumen1, número2 ( , 1972), Páginas 83-99 | ||
| 773 | 0 | |0 18875 |9 5536 |a Universidad de Costa Rica. |d San José, Costa Rica: Universidad de Costa Rica. Consejo Superior Universitario Centroamericano, 1972- |o 13786 |t Estudios Sociales Centroamericanos / |x 03039676 | |
| 942 | |2 ddc |c PP | ||
| 999 | |c 34482 |d 34482 | ||
